[Event "Lanaudiere"]
[Site "Repentigny"]
[Date "2009.10.17"]
[Round "4"]
[White "Boyer, Eric"]
[Black "Soucy, Hermil"]
[Result "1-0"]
[WhiteElo "1621"]
[BlackElo "1422"]
[PlyCount "32"]
[EventDate "2009.10.17"]
[EventType "tourn"]
[EventRounds "5"]
[EventCountry "CAN"]
[SourceTitle "EXT 2011"]
[Source "ChessBase"]
[SourceDate "2010.11.26"]
[SourceVersion "1"]
[SourceVersionDate "2010.11.26"]
[SourceQuality "1"]

1. d4 d5 2. c4 dxc4 3. Nc3 e6 4. e4 Bb4 5. Bxc4 Nc6 6. Nge2 Nf6 7. f3 e5 8. d5 Na5 9. Qa4+ Bd7 10. Qxb4 Nxc4 11. Qxc4 a6 12. 0-0 0-0 13. a4 h6 14. Be3 b6 15. b4 Nh7 16. f4 Bg4 1-0